000 00545nam a2200205Ia 4500
001 12473
003 GE_BSU
008 181216s||||||||xx |||||||||||||| ||und||
040 _cGE_BSU
080 _a633(075.32)
100 _aБерлянд,С.С. Крючев, Б.Д.
245 _aРастениеводство
245 _cРед.В.Н.Озеров. Ю.Г.Челышкин
260 _aМосква
260 _bКолос
260 _c1967
300 _a654стр.22см.
653 _aРастениеводство
942 _cBK
999 _c45647
_d45647